Statistiche per Città più fotografate d'Europa

Clicka qui per fare il quiz!

Statistiche generali

  • Questo quiz è stato fatto 2.926 volte
  • Il punteggio medio è 15 su 25

Statistiche sulle risposte

#Città% Corretto
1Roma
100%
3Parigi
97%
10Madrid
95%
11Londra
93%
19Berlino
92%
2Barcellona
88%
5Venezia
78%
21Amsterdam
76%
15Vienna
76%
12Lisbona
76%
7Firenze
75%
18Atene
72%
13Monaco di Baviera
69%
9Praga
69%
25Dublino
67%
8Budapest
63%
24Valencia
38%
4Istanbul
37%
20Porto
30%
14Verona
22%
6Monte Carlo
14%
16Salisburgo
10%
17Granada
10%
22Fira
7%
23San Sebastián
2%

Distribuzione punteggi

Percentile per numero di risposta

Percentuale di utenti per punteggio

I tuoi punteggi nel tempo

Non hai fatto questo quiz